| 000 | 00992cam a2200361 a 4500 | ||
|---|---|---|---|
| 001 | 122818 | ||
| 003 | BJBSDDR | ||
| 005 | 20240405150948.0 | ||
| 007 | ta | ||
| 008 | 110809s2011 fr b 000 0 fre c | ||
| 020 | _a9782130592464 | ||
| 020 | _a2130592465 | ||
| 035 | _a(CaOOAMICUS)000040274821 | ||
| 040 |
_aCaQQLA _bfre _cBJBSDDR |
||
| 041 | _afre | ||
| 050 | 1 | 4 |
_aHB 501 _bJ58c 2011 |
| 082 | 0 | 0 | _a330.122 |
| 100 | 1 |
_aJessua, Claude _935099 |
|
| 245 | 1 | 3 |
_aLe capitalisme / _cClaude Jessua. |
| 250 | _a6e éd. mise à jour | ||
| 260 |
_aParis : _bPresses universitaires de France, _c2011 |
||
| 300 |
_a127 pages ; _c18 cm |
||
| 490 | 1 |
_aQue sais-je ? ; _vn. 315 |
|
| 504 | _aBibliogr.: p. 125-127 | ||
| 650 | 0 | _aCapitalism. | |
| 650 | 4 |
_aCapitalismo _91776 |
|
| 650 | 4 |
_aEconomía política _9960 |
|
| 650 | 6 |
_aCapitalisme _xHistoire. |
|
| 650 | 6 | _aÉconomie de marché. | |
| 830 | 0 |
_aQue sais-je?. _pEconomie ; _934704 _vn. 315 |
|
| 942 |
_2lcc _cBK |
||
| 946 | _aJaaM | ||
| 999 |
_c35692 _d35692 |
||